| 000 | 00798nam a2200229Ia 4500 | ||
|---|---|---|---|
| 003 | GCL | ||
| 008 | 140319s9999 xx 000 0 ara d | ||
| 020 | _a2052307977 | ||
| 040 |
_aGCL / _cGCL |
||
| 082 | 0 | 4 |
_a005.74 _bد د |
| 100 | 1 | _aخالد العامرى | |
| 245 | 1 | 0 |
_aاوراكل 8 : _bبايبل / _cخالد العامرى |
| 700 | 1 | _aكارول ديتر | |
| 260 |
_aالقاهرة : _bدار الفاروق للنشر والتوزيع ، _c2000 |
||
| 300 |
_a1267 ص ؛ _c25 سم |
||
| 650 | 0 | 4 | _aنظم المعلومات |
| 650 | 0 | 4 | _aاختزان واسترجاع المعلومات |
| 650 | 0 | 4 | _aاوراكل |
| 650 | 0 | 4 | _aالبيانات (حاسبات الكترونية) |
| 650 | 0 | 4 | _aالبيانات - بناء - (حاسبات الكترونية) |
| 942 |
_2ddc _cBK |
||
| 999 |
_c29655 _d29655 |
||